[Event "Titled Tuesday 9th Nov"]
[Site "chess.com INT"]
[Date "2021.11.09"]
[Round "7"]
[White "Krush,I"]
[Black "Rostovtsev,Dmitry"]
[Result "0-1"]
[WhiteElo "2421"]
[BlackElo "2188"]

1.d4 Nf6 2.c4 e6 3.Nc3 Bb4 4.e3 O-O 5.Bd3 d5 6.a3 Be7 7.Nf3 b6 8.b4 dxc4
9.Bxc4 Bb7 10.O-O a5 11.b5 Nbd7 12.a4 Bb4 13.Bb2 Qe7 14.Qe2 Rfe8 15.Rfd1 h6
16.Rac1 Rac8 17.h3 Bd6 18.e4 e5 19.d5 Nc5 20.Qe3 Rcd8 21.Ne1 Bc8 22.Be2 Nh7
23.Nd3 Rf8 24.Bg4 Nf6 25.Bxc8 Rxc8 26.Nxc5 Bxc5 27.Qf3 Nd7 28.Nb1 Bd6 29.Nd2 Nc5
30.Rc4 g6 31.Nb3 Kh7 32.Qc3 Rce8 33.Qc2 f5 34.exf5 Rxf5 35.Re1 Nxb3 36.Qxb3 Bc5
37.Re2 Ref8 38.Rcc2 Qf7 39.Qg3 Qxd5 40.Bxe5 R8f7 41.Bxc7 Qd1+ 42.Kh2 Qf1
43.Be5 Bxf2 44.Rxf2 Rxf2 45.Rxf2 Qxf2 46.Qd3 Qf5 47.Qd6 Rd7 48.Qb8 Rg7 49.Qa8 Qxe5+
50.g3 Qe1  0-1

[Event "Titled Tuesday 9th Nov"]
[Site "chess.com INT"]
[Date "2021.11.09"]
[Round "8"]
[White "Yaksin,O"]
[Black "Krush,I"]
[Result "1-0"]
[WhiteElo "2388"]
[BlackElo "2421"]

1.d4 Nf6 2.c4 g6 3.g3 Bg7 4.Bg2 O-O 5.Nc3 c5 6.d5 e6 7.Nf3 exd5 8.cxd5 d6
9.O-O Re8 10.Bf4 a6 11.a4 Nh5 12.Bg5 Bf6 13.Bxf6 Nxf6 14.Nd2 Nbd7 15.Rb1 Ne5
16.b4 Nfd7 17.Nde4 cxb4 18.Rxb4 Qa5 19.Qd4 Nc5 20.Nxd6 Bd7 21.Nxe8 Rxe8 22.Rfb1 f6
23.Ne4 Nxe4 24.Bxe4 b5 25.axb5 axb5 26.Bg2 Qc7 27.e4 Rc8 28.h3 Qd6 29.Kh2 Rc2
30.R4b2 Rc4 31.Qe3 Kg7 32.f4 Nf7 33.Re2 Qc7 34.e5 Rc3 35.exf6+ Kh6 36.Qe7 Bf5
37.Qxc7 Rxc7 38.Re7 Rc2 39.Rxf7 Be4 40.Rg1 Bxd5 41.Rd7 Be4 42.Kh1 Bf5 43.Rb7 Rc5
44.g4 Be6 45.g5+ Kh5 46.Rxh7+  1-0

[Event "Titled Tuesday 9th Nov"]
[Site "chess.com INT"]
[Date "2021.11.09"]
[Round "9"]
[White "Krush,I"]
[Black "Chernov,Mi2"]
[Result "0-1"]
[WhiteElo "2421"]
[BlackElo "2213"]

1.c4 c5 2.Nf3 Nc6 3.Nc3 e5 4.g3 g6 5.Bg2 Bg7 6.O-O d6 7.Ne1 Be6 8.d3 Nge7
9.Nc2 d5 10.cxd5 Nxd5 11.Nxd5 Bxd5 12.Bxd5 Qxd5 13.e4 Qd7 14.Ne3 Nb4 15.a3 Nxd3
16.Nd5 c4 17.b3 b5 18.bxc4 bxc4 19.h4 O-O 20.h5 Qh3 21.Qf3 Qxh5 22.g4 Qh4
23.Kg2 f5 24.gxf5 gxf5 25.Rh1 Qxe4 26.Ne7+ Kf7 27.Nxf5 Qxf3+ 28.Kxf3 Ke6
29.Rxh7 Rxf5+ 30.Kg3 Rg8 31.Be3 Bh6+ 32.Kh2 Rh5+  0-1

[Event "Titled Tuesday 9th Nov"]
[Site "chess.com INT"]
[Date "2021.11.09"]
[Round "10"]
[White "Kostiukov,A"]
[Black "Krush,I"]
[Result "0-1"]
[WhiteElo "2271"]
[BlackElo "2421"]

1.g3 d5 2.Bg2 e5 3.c4 d4 4.d3 c5 5.Nf3 Nc6 6.O-O Nf6 7.e3 Be7 8.exd4 exd4
9.Re1 O-O 10.Bg5 h6 11.Bxf6 Bxf6 12.Nbd2 Bf5 13.Ne4 Be7 14.a3 Bg6 15.Rb1 a5
16.Qa4 f5 17.Ned2 f4 18.Ne4 Bh5 19.Nfd2 Qd7 20.Qb5 f3 21.Bf1 Ne5 22.Qxd7 Nxd7
23.Bh3 Nf6 24.Nxf6+ Bxf6 25.g4 Bg6 26.Ne4 b6 27.Bf1 Rae8 28.h3 Be5 29.b4 cxb4
30.axb4 a4 31.b5 Bxe4 32.Rxe4 Bd6 33.Ree1 a3 34.Ra1 Bb4 35.Rxe8 Rxe8 36.Ra2 Re1
37.h4 Kf7 38.h5 Kf6 39.Kh2 Rxf1 40.Kg3 Rd1 41.Kxf3 Rxd3+ 42.Ke4 Rb3 43.Kd5 Rb2
44.Ra1 a2 45.Kc6 Bc3 46.Kxb6 Rc2 47.Rxa2 Rxa2 48.c5 d3 49.c6 Be5 50.c7 Bxc7+
51.Kxc7 d2 52.b6 d1=Q  0-1

[Event "Titled Tuesday 9th Nov"]
[Site "chess.com INT"]
[Date "2021.11.09"]
[Round "11"]
[White "Krush,I"]
[Black "Dinu,DD"]
[Result "1-0"]
[WhiteElo "2421"]
[BlackElo "2208"]

1.c4 c5 2.Nf3 Nc6 3.Nc3 e5 4.g3 g6 5.Bg2 Bg7 6.O-O Nge7 7.Ne1 O-O 8.Nc2 d6
9.Ne3 Be6 10.d3 f5 11.Ned5 Rb8 12.Rb1 h6 13.a3 Nd4 14.b4 Bxd5 15.Nxd5 Nxd5
16.Bxd5+ Kh7 17.bxc5 dxc5 18.Rxb7 Rxb7 19.Bxb7 f4 20.e3 Ne6 21.Qg4 Ng5 22.exf4 exf4
23.Bxf4 Nf7 24.Be4 Qf6 25.h4 Nh8 26.h5 Kg8 27.hxg6 Re8 28.Rb1 Qd4 29.Bd5+ Kf8
30.Bd6+ Re7 31.Rb8+  1-0

[Event "Titled Tuesday 16th Nov"]
[Site "chess.com INT"]
[Date "2021.11.16"]
[Round "2"]
[White "Krush,I"]
[Black "Marcziter,D"]
[Result "0-1"]
[WhiteElo "2421"]
[BlackElo "2259"]

1.e4 c5 2.Nf3 a6 3.c3 d5 4.exd5 Qxd5 5.d4 Nf6 6.Be2 Bg4 7.c4 Qd6 8.d5 e6
9.Nc3 exd5 10.cxd5 Be7 11.a4 O-O 12.h3 Bh5 13.O-O Rd8 14.Nh4 Bg6 15.Nxg6 hxg6
16.Be3 Nbd7 17.Qd2 Ne5 18.Rad1 Qb6 19.f4 Ned7 20.d6 Bf8 21.Bc4 Qb4 22.Ba2 Nb6
23.Qf2 Rac8 24.f5 gxf5 25.Qxf5 Rxd6 26.Rxd6 Bxd6 27.Bg5 Qd4+ 28.Kh1 Qe5 29.Qxe5 Bxe5
30.Bxf6 Bxf6 31.Nd5 Nxd5 32.Bxd5 b5 33.axb5 axb5 34.b3 Rd8 35.Bc6 c4 36.bxc4 bxc4
37.Ba4 c3  0-1

[Event "Titled Tuesday 16th Nov"]
[Site "chess.com INT"]
[Date "2021.11.16"]
[Round "3"]
[White "Krush,I"]
[Black "Broca Jimenez,F"]
[Result "1-0"]
[WhiteElo "2421"]
[BlackElo "2075"]

1.e4 c5 2.Nf3 d6 3.d4 cxd4 4.Nxd4 Nf6 5.Nc3 g6 6.Be3 Bg7 7.f3 O-O 8.Qd2 Nc6
9.g4 Nxd4 10.Bxd4 Qa5 11.Bc4 Be6 12.Bxe6 fxe6 13.O-O-O Rac8 14.h4 Nd7 15.Bxg7 Kxg7
16.h5 g5 17.h6+ Kg6 18.Rdf1 Qe5 19.Kb1 Nc5 20.Ne2 Rc6 21.c3 Na4 22.Nd4 Rb6
23.Nb3 Nc5 24.Nd4 Na4 25.b3 Nc5 26.Ka1 a5 27.Rh5 a4 28.f4 Rxf4 29.Rxf4 Qxf4
30.Qc2 Qf1+ 31.Kb2 a3+ 32.Kxa3 Ra6+ 33.Kb4 b6 34.e5+ Kf7 35.Qxh7+ Ke8 36.Qg8+ Kd7
37.h7 Nd3+ 38.Kb5 Qb1 39.Kxa6 Qxa2+ 40.Kb7 Qa5 41.Qc8+  1-0

[Event "Titled Tuesday 16th Nov"]
[Site "chess.com INT"]
[Date "2021.11.16"]
[Round "4"]
[White "Matveeva,O"]
[Black "Krush,I"]
[Result "1-0"]
[WhiteElo "2171"]
[BlackElo "2421"]

1.d4 Nf6 2.c4 g6 3.g3 Bg7 4.Bg2 c5 5.d5 e6 6.Nc3 exd5 7.cxd5 d6 8.Nf3 O-O
9.O-O Re8 10.Nd2 a6 11.a4 Nbd7 12.h3 Rb8 13.Nc4 Ne5 14.Na3 Nh5 15.e4 Bd7
16.f4 Nxg3 17.fxe5 Nxf1 18.Qxf1 Bxe5 19.Nc4 Bd4+ 20.Kh2 b5 21.axb5 axb5 22.Nxd6 Be5+
23.Bf4 Qg5 24.Ne2 Re7 25.Bxe5 Qxe5+ 26.Qf4 Qxb2 27.Nf5 Ree8 28.Nh6+ Kg7 29.Ra7 Qe5
30.Rxd7 Qxf4+ 31.Nxf4 Kxh6 32.Rxf7 b4 33.h4 b3 34.Nh3 b2 35.Ng5 Rh8 36.Rf1 Rhf8
37.Rb1 c4 38.e5 c3 39.Be4 c2 40.Bxc2 Rf2+ 41.Kg3 Rxc2 42.e6 Rc1 43.Rxb2 Rxb2
44.d6 Rc3+ 45.Kf4 Rb4+ 46.Ke5 Rc5+ 47.Kf6 Rf5+ 48.Ke7 Kg7 49.d7 Rb8 50.d8=Q Rxd8
51.Kxd8 Rf8+ 52.Kd7 h6 53.e7 Ra8 54.e8=Q Rxe8 55.Kxe8 Kf6 56.Nf3 Kf5 57.Kf7 Kg4
58.Kxg6 Kf4 59.Kxh6  1-0

[Event "Titled Tuesday 16th Nov"]
[Site "chess.com INT"]
[Date "2021.11.16"]
[Round "5"]
[White "Krush,I"]
[Black "Zherebtsova,A"]
[Result "1-0"]
[WhiteElo "2421"]
[BlackElo "2182"]

1.e4 e5 2.Nf3 Nc6 3.Bb5 a6 4.Ba4 Nf6 5.O-O Be7 6.Re1 b5 7.Bb3 d6 8.c3 O-O
9.h3 Bb7 10.d4 Re8 11.a3 Bf8 12.Nbd2 g6 13.Ba2 Bg7 14.d5 Ne7 15.b3 Nd7 16.c4 h6
17.Bb1 Rf8 18.Nf1 f5 19.Bd2 Nc5 20.Ba5 Nxe4 21.Bxe4 fxe4 22.Rxe4 Bc8 23.Rc1 Bf5
24.Re1 bxc4 25.Rxc4 Ra7 26.Ng3 Bd7 27.a4 Nc8 28.Qc2 Nb6 29.Bxb6 cxb6 30.Qxg6 Rf6
31.Qc2 b5 32.Rg4 Bxg4 33.hxg4 Qc7 34.Qd3 bxa4 35.bxa4 Rf4 36.Qg6 Rf6 37.Qh5 Qf7
38.Qh3 Qxd5 39.Nf5 Qa5 40.Rc1 Ra8 41.Qh4 Raf8 42.Rc6 Qxa4 43.Rc7 R6f7 44.Rxf7 Rxf7
45.Qh5 Qd1+ 46.Kh2 Qc1 47.Qg6 Qf4+ 48.Kh3 Kf8 49.Nxd6  1-0

[Event "Titled Tuesday 16th Nov"]
[Site "chess.com INT"]
[Date "2021.11.16"]
[Round "6"]
[White "Tokman,A"]
[Black "Krush,I"]
[Result "0-1"]
[WhiteElo "2295"]
[BlackElo "2421"]

1.e4 c5 2.Nf3 d6 3.d4 cxd4 4.Nxd4 Nf6 5.Nc3 Nc6 6.b3 e6 7.Bb2 Be7 8.Be2 O-O
9.O-O a6 10.Kh1 Nxd4 11.Qxd4 b5 12.f4 Bb7 13.Bf3 Qc7 14.a4 b4 15.Qxb4 d5
16.Qd4 Qxf4 17.Ne2 Qh6 18.exd5 Bxd5 19.Bxd5 Nxd5 20.c4 Bf6 21.Rxf6 Nxf6 22.Rf1 Rfd8
23.Qc3 Qd2 24.Qe5 Qh6 25.Qg3 Ne4 26.Qg4 Rd1 27.Qf3 Rxf1+ 28.Qxf1 Rd8 29.Nd4 Ng3+  0-1

[Event "Titled Tuesday 16th Nov"]
[Site "chess.com INT"]
[Date "2021.11.16"]
[Round "7"]
[White "Bruned,B"]
[Black "Krush,I"]
[Result "0-1"]
[WhiteElo "2133"]
[BlackElo "2421"]

1.b3 e5 2.Bb2 Nc6 3.e3 Nf6 4.Bb5 Bd6 5.Bxc6 dxc6 6.d3 O-O 7.Nd2 Qe7 8.Ngf3 b5
9.a4 Bg4 10.h3 Bd7 11.O-O Nd5 12.Ra2 f5 13.Qa1 Nb4 14.Nxe5 Bxe5 15.Bxe5 Nxa2
16.Qxa2 Qxe5 17.axb5 cxb5 18.Nf3 Qd6 19.Nd4 c5 20.Nf3 Kh8  0-1

[Event "Titled Tuesday 16th Nov"]
[Site "chess.com INT"]
[Date "2021.11.16"]
[Round "8"]
[White "Krush,I"]
[Black "Liyanage,Ranindu Dilshan"]
[Result "0-1"]
[WhiteElo "2421"]
[BlackElo "2282"]

1.e4 c5 2.Nf3 d6 3.d4 cxd4 4.Nxd4 Nf6 5.Nc3 a6 6.Be3 e5 7.Nde2 Be6 8.f4 Nbd7
9.f5 Bc4 10.Ng3 Rc8 11.Bd3 b5 12.O-O Qc7 13.a3 Be7 14.Nh5 Nxh5 15.Qxh5 Nf6
16.Qe2 Qc6 17.Bg5 O-O 18.Bxf6 Bxf6 19.Rad1 Rfd8 20.Kh1 h6 21.Bxc4 Qxc4 22.Qf3 Bg5
23.Rf2 b4 24.Nd5 bxa3 25.Qxa3 Qxe4 26.c3 Rc5 27.Qa2 Rb8 28.h3 Rbb5 29.Nb4 a5
30.Nc2 Qh4 31.Rdf1 Bf4 32.Rf3 Rb8 33.Ne3 Rcb5 34.b4 axb4 35.cxb4 Rxb4 36.Nd5 Rb2
37.Qa7 Qg5 38.Nxf4 exf4 39.R3f2 f3 40.Rxb2 Rxb2 41.Qa8+ Kh7 42.Qxf3 Qf6 43.Rd1 Rb5
44.Qd3 Rxf5 45.Qxd6 Rf1+ 46.Kh2 Rxd1 47.Qxd1 Qf4+ 48.Kh1 Qf5 49.Qd2 Kg6 50.Qe2 Kf6
51.Qa6+ Qe6 52.Qf1+ Kg6 53.Qb1+ f5 54.Qb2 Kf7 55.Qb7+ Kf6 56.Qb2+ Kg6 57.Qc2 h5
58.Qc8 Qxc8  0-1

[Event "Titled Tuesday 16th Nov"]
[Site "chess.com INT"]
[Date "2021.11.16"]
[Round "9"]
[White "Kovacs,Klara"]
[Black "Krush,I"]
[Result "1-0"]
[WhiteElo "2197"]
[BlackElo "2421"]

1.Nf3 Nf6 2.g3 g6 3.Bg2 Bg7 4.c4 O-O 5.O-O d6 6.Nc3 e5 7.d3 h6 8.b4 c6 9.Rb1 Be6
10.Bd2 Nbd7 11.e4 d5 12.cxd5 cxd5 13.Nb5 dxe4 14.Ne1 exd3 15.Nd6 Bxa2 16.Nxb7 Qe7
17.Ra1 Bd5 18.Nxd3 Bxg2 19.Kxg2 e4 20.Ndc5 Ne5 21.Qb3 Nf3 22.Be3 Ng4 23.Rad1 Nfxh2
24.Rh1 Nf3 25.Rd7 Qe5 26.Bf4 Qf5 27.Nd6 Qf6 28.Ndxe4 Qc6 29.Kxf3 Ne5+ 30.Bxe5 Bxe5
31.Rxh6 Kg7 32.Rh1 Rad8 33.Ne6+ Kg8 34.Rxd8 Rxd8 35.Nxd8 Qa8 36.Qxf7+  1-0

[Event "Titled Tuesday 16th Nov"]
[Site "chess.com INT"]
[Date "2021.11.16"]
[Round "10"]
[White "Krush,I"]
[Black "Orzechowski,J"]
[Result "1-0"]
[WhiteElo "2421"]
[BlackElo "2127"]

1.e4 Nc6 2.Nf3 d6 3.d4 Nf6 4.Nc3 Bg4 5.Be2 e6 6.O-O Be7 7.d5 exd5 8.exd5 Nb8
9.Nd4 Bxe2 10.Qxe2 O-O 11.Nf5 Re8 12.Qf3 Nbd7 13.Bf4 Bf8 14.Rfe1 Ne5 15.Qh3 Ng6
16.Bg5 Rxe1+ 17.Rxe1 h6 18.Be3 Qd7 19.Bd4 Nf4 20.Nxh6+ gxh6 21.Qg3+ Bg7 22.Qxf4 Re8
23.Rxe8+ Qxe8 24.h3 Qe1+ 25.Kh2 Nh5 26.Qg4 Qd2 27.Bxg7 Nxg7 28.Ne4 Qxc2 29.Nf6+ Kf8
30.Qc8+ Ke7 31.Ng8+  1-0

[Event "Titled Tuesday 16th Nov"]
[Site "chess.com INT"]
[Date "2021.11.16"]
[Round "11"]
[White "Krush,I"]
[Black "Harshavardhan,G B"]
[Result "1/2-1/2"]
[WhiteElo "2421"]
[BlackElo "2397"]

1.e4 c6 2.d4 d5 3.e5 Bf5 4.Nf3 e6 5.Be2 c5 6.Be3 cxd4 7.Nxd4 Ne7 8.O-O Nbc6
9.c4 dxc4 10.Bxc4 Nxd4 11.Bxd4 Nc6 12.Bc3 Qxd1 13.Rxd1 Rd8 14.Nd2 Bb4 15.Bxb4 Nxb4
16.Nb3 Ke7 17.Nd4 Rxd4 18.Rxd4 Nc2 19.Rad1 Nxd4 20.Rxd4 Rc8 21.f4 a6 22.Kf2 b5
23.Bb3 a5 24.a3 a4 25.Bd1 Rc1 26.Ke3 f6 27.exf6+ gxf6 28.Kd2 Rc5 29.g4 Bg6
30.h4 e5 31.fxe5 fxe5 32.Rb4 Be8 33.Be2 Kd6 34.Ke3 Bc6 35.g5 e4 36.Rd4+ Ke5
37.Rd8 Rc2 38.Rc8 Rxb2 39.Rxc6 Rb3+ 40.Kf2 Rxa3 41.Rc5+ Kf4 42.Rxb5 Rh3 43.h5 a3
44.g6 hxg6 45.hxg6 Rg3 46.Bh5 e3+ 47.Kf1 a2 48.Ra5 Rg5 49.Rxa2 Rxh5 50.g7 Rg5
51.Rg2 e2+ 52.Rxe2 Rxg7 53.Rf2+ Ke3 54.Re2+ Kd3 55.Rg2 Ra7 56.Kg1 Ke3 57.Kh2 Rh7+
58.Kg1 Rf7 59.Rg3+ Kf4 60.Kg2 Ra7 61.Rf3+ Ke4 62.Rg3 Ra2+ 63.Kg1 Kf4 64.Rg2 Ra5
65.Kh2 Ra4 66.Kg1 Kf3 67.Rg8 Rf4 68.Kh2 Ke3 69.Kg3 Rf7 70.Kg2 Kf4 71.Kg1 Kf3
72.Kh2 Rh7+ 73.Kg1 Rh4 74.Rf8+ Kg3 75.Rg8+ Kh3 76.Kf2 Rf4+ 77.Ke3 Rf7 78.Ke4 Kh4
79.Ke5 Rf1 80.Ke6 Kh5 81.Ke7 Kh6 82.Rg2 Re1+ 83.Kd6 Kh5 84.Kd5 Kh4 85.Kd4 Kh3
86.Rg8 Kh2 87.Kd3 Rf1 88.Kd2 Rf2+ 89.Ke3 Rf1 90.Ke2 Rg1 91.Rxg1 Kxg1  1/2-1/2

[Event "Motiva Online Women Blitz"]
[Site "chess.com INT"]
[Date "2021.12.18"]
[Round "1"]
[White "Krush,I"]
[Black "Uskova,Taisiya"]
[Result "0-1"]
[WhiteElo "2421"]
[BlackElo "1647"]

1.d4 d5 2.c4 e6 3.Nc3 Nf6 4.cxd5 exd5 5.Bg5 c6 6.e3 Be7 7.Bd3 Nbd7 8.Qc2 h6
9.Bf4 Nh5 10.Be5 Nxe5 11.dxe5 d4 12.exd4 Qxd4 13.Nf3 Qg4 14.O-O-O Qxg2 15.Be4 Bg4
16.Rhg1 Qh3 17.Qd3 Rd8 18.Qe3 Rxd1+ 19.Nxd1 O-O 20.Kb1 Re8 21.Nc3 Bb4 22.Ne2 Bc5
23.Qxc5 Bxf3 24.Qe3 Bxe4+ 25.Qxe4 Qxh2 26.f4 Nxf4 27.Rxg7+ Kxg7 28.Nxf4 Qg1+
29.Kc2 Qc5+ 30.Kb1 Qxe5 31.Qg2+ Kh7 32.Qg4 Qe4+ 33.Kc1 Qe1+ 34.Kc2 Qf2+ 35.Kc3 Re3+
36.Nd3 Qf6+ 37.Kd2 Re7 38.Kc2 Qg6 39.Qf3 Rd7 40.Kc3 Qxd3+ 41.Qxd3+ Rxd3+
42.Kxd3 h5 43.Ke2 Kg6 44.Kf3 Kg5 45.Kg3 f5  0-1

[Event "Motiva Online Women Blitz"]
[Site "chess.com INT"]
[Date "2021.12.18"]
[Round "2"]
[White "Gileva,I"]
[Black "Krush,I"]
[Result "0-1"]
[WhiteElo "2077"]
[BlackElo "2421"]

1.e4 c5 2.Nf3 d6 3.d4 cxd4 4.Nxd4 Nf6 5.Nc3 Nc6 6.Nxc6 bxc6 7.Bd3 e5 8.O-O Be7
9.h3 O-O 10.b3 d5 11.Bb2 Be6 12.Qf3 d4 13.Ne2 c5 14.Ng3 g6 15.Rad1 Qc7 16.Bc1 Rfd8
17.Qe2 c4 18.bxc4 Rac8 19.f4 Bxc4 20.fxe5 Bxd3 21.cxd3 Qxe5 22.Bf4 Qe6 23.Rc1 Nd7
24.Rxc8 Rxc8 25.Rc1 Rxc1+ 26.Bxc1 Qc6 27.Bb2 Qa4 28.Qf2 Bc5 29.Ne2 Ne5 30.Nc1 Qd1+
31.Kh2 Nxd3 32.Nxd3 Qxd3 33.e5 Qe4 34.Qf6 Bb6 35.Ba3 d3 36.Qd6 Qf4+ 37.g3 Qf2+
38.Kh1 Qg1+  0-1

[Event "Motiva Online Women Blitz"]
[Site "chess.com INT"]
[Date "2021.12.18"]
[Round "3"]
[White "Krush,I"]
[Black "Larina,M"]
[Result "1-0"]
[WhiteElo "2421"]
[BlackElo "1948"]

1.d4 f5 2.g3 Nf6 3.Bg2 g6 4.Nf3 Bg7 5.O-O O-O 6.c4 d6 7.Nc3 Nc6 8.d5 Na5
9.Qd3 e5 10.dxe6 Bxe6 11.Nd2 Nc6 12.Nd5 Ne5 13.Qc2 c6 14.Nf4 Bf7 15.b3 g5
16.Nh3 h6 17.Bb2 Bg6 18.f4 Neg4 19.fxg5 hxg5 20.Nxg5 Ne3 21.Qd3 Nxf1 22.Ne6 Qe8
23.Nxf8 Nxd2 24.Nxg6 Qxg6 25.Qxd2 Ne4 26.Bxe4 fxe4 27.Bxg7 Kxg7 28.Rf1 Rf8
29.Qd4+ Kg8 30.Rxf8+ Kxf8 31.Qxa7 Qf7 32.Qb8+ Kg7 33.Qxd6 Kh7 34.Qe5 Qg6
35.Qe7+ Kh6 36.Qxb7 e3 37.Qe7 Qb1+ 38.Kg2 Qc1 39.Qe6+ Kg5 40.Qxc6 Qd2 41.Qf3 Kg6
42.c5 Qc1 43.c6 Kg7 44.b4 Qc3 45.b5 Qc5 46.a4 Kg6 47.c7 Kg7 48.Qb7 Qd5+ 49.Qxd5  1-0

[Event "Motiva Online Women Blitz"]
[Site "chess.com INT"]
[Date "2021.12.18"]
[Round "4"]
[White "Minina,V"]
[Black "Krush,I"]
[Result "0-1"]
[WhiteElo "2057"]
[BlackElo "2421"]

1.Nf3 c5 2.g3 Nc6 3.Bg2 e5 4.d3 d5 5.O-O Bd6 6.c4 d4 7.e3 Nge7 8.exd4 exd4
9.Nbd2 b6 10.Ne4 Bc7 11.a3 a5 12.Bd2 O-O 13.b4 axb4 14.axb4 Rxa1 15.Qxa1 Nxb4
16.Bxb4 cxb4 17.Qxd4 Nc6 18.Qe3 Re8 19.Re1 Re7 20.Qg5 f5 21.Nf6+ Kh8 22.Rxe7 Qxe7
23.Nd5 Qxg5 24.Nxg5 b3 25.Nc3 Nb4 26.d4 b2 27.Nf7+ Kg8 28.Ne5 Be6 29.Nc6 Nxc6
30.Bxc6 Bxc4 31.Nb1 Ba2 32.Nd2 b1=Q+ 33.Nxb1 Bxb1 34.f4 Kf7 35.Kf2 Ke7 36.Ke3 Kd6
37.Ba4 Bd8 38.Kd2 Bf6 39.Kc3 Ba2 40.Be8 Bd5 41.Kd3 Bb7 42.Bf7 b5  0-1

[Event "Motiva Online Women Blitz"]
[Site "chess.com INT"]
[Date "2021.12.18"]
[Round "5"]
[White "Alavi,H"]
[Black "Krush,I"]
[Result "1-0"]
[WhiteElo "2003"]
[BlackElo "2421"]

1.d4 d5 2.Nf3 Nf6 3.Bf4 c5 4.c3 Nc6 5.e3 Qb6 6.Qb3 c4 7.Qc2 Bf5 8.Qc1 Nh5
9.Bg3 Nxg3 10.hxg3 h6 11.Nbd2 e6 12.e4 dxe4 13.Nxc4 Qc7 14.Nfd2 Rc8 15.Qd1 Be7
16.Ne3 Bg6 17.Be2 O-O 18.Bh5 Bh7 19.Qe2 b5 20.a3 f5 21.Qxb5 Rb8 22.Qc4 Rxb2
23.Qxe6+ Kh8 24.Nd5 Qb7 25.Nc4 Bg8 26.Qg6 Bxd5 27.Nxb2 Qxb2 28.O-O Bf6 29.Qxf5 Bc4
30.Qc5 Bxf1 31.Qxf8+ Kh7 32.Rxf1 Qxc3 33.Qf7  1-0

[Event "Motiva Online Women Blitz"]
[Site "chess.com INT"]
[Date "2021.12.18"]
[Round "6"]
[White "Krush,I"]
[Black "Kazarian,Anna-Maja"]
[Result "1-0"]
[WhiteElo "2421"]
[BlackElo "2138"]

1.d4 d5 2.c4 e6 3.Nc3 Nf6 4.cxd5 exd5 5.Bg5 Be7 6.e3 O-O 7.Bd3 c6 8.Qc2 Nbd7
9.Nge2 Re8 10.O-O Nf8 11.f3 g6 12.Bh4 Ne6 13.Bf2 Ng7 14.Kh1 Bf5 15.e4 dxe4
16.fxe4 Be6 17.e5 Nd5 18.a3 Qd7 19.Ne4 Rad8 20.Rad1 Bf5 21.Qc1 f6 22.Qh6 Qe6
23.exf6 Nxf6 24.Ng5 Qb3 25.Nc1 Qd5 26.Be2 Bf8 27.Qh4 Rd7 28.Nd3 Rxe2 29.Nf4 Qb5
30.Nxe2 Qxe2 31.Nf3 Qxb2 32.Bg3 Ne4 33.Be5 Rf7 34.d5 cxd5 35.Bxb2 Be7 36.Qe1 Bc5
37.Bd4 Bxd4 38.Nxd4 Bg4 39.Rxf7  1-0

[Event "Motiva Online Women Blitz"]
[Site "chess.com INT"]
[Date "2021.12.18"]
[Round "7"]
[White "Kholyavko,Mariya"]
[Black "Krush,I"]
[Result "1-0"]
[WhiteElo "1270"]
[BlackElo "2421"]

1.e4 c5 2.Nf3 d6 3.d4 cxd4 4.Nxd4 Nf6 5.Nc3 Nc6 6.Bg5 e6 7.f4 Be7 8.Nb3 a6
9.Qf3 Qc7 10.O-O-O O-O 11.g4 Rb8 12.Bxf6 Bxf6 13.g5 Be7 14.h4 b5 15.h5 b4
16.Ne2 a5 17.g6 fxg6 18.hxg6 h6 19.Bh3 Bf6 20.Qd3 a4 21.Nbd4 Nxd4 22.Nxd4 a3
23.Bxe6+ Kh8 24.Kb1 axb2 25.Qb3 Bb7 26.Bf5 Qc3 27.Ne6 Rfe8 28.Qxc3 bxc3 29.Ng5 Bc6
30.Nf7+ Kg8 31.Nxd6 Red8 32.Be6+ Kf8 33.Rhe1 Be7 34.e5 Ra8 35.Bb3 Bf3 36.Rd3 Bh5
37.f5  1-0

[Event "Motiva Online Women Blitz"]
[Site "chess.com INT"]
[Date "2021.12.18"]
[Round "8"]
[White "Krush,I"]
[Black "Richterova,Natasa"]
[Result "0-1"]
[WhiteElo "2421"]
[BlackElo "2162"]

1.d4 d5 2.c4 c6 3.cxd5 cxd5 4.Bf4 Nc6 5.e3 a6 6.Bd3 Nf6 7.Nc3 g6 8.Nf3 Bg7
9.O-O O-O 10.h3 Bf5 11.Bxf5 gxf5 12.Ne5 e6 13.Nxc6 bxc6 14.Na4 Nd7 15.Rc1 Rc8
16.Qe2 Qa5 17.b3 Rfe8 18.Rc2 f6 19.Bd6 e5 20.Qf3 f4 21.dxe5 fxe5 22.exf4 e4
23.Qg3 Qd8 24.Rd1 Qf6 25.Ba3 Qf7 26.Nc5 Nxc5 27.Bxc5 Re6 28.Bd4 Rg6 29.Qe3 Rf8
30.g3 Qxf4 31.Qxf4 Rxf4 32.Be3 Rf7 33.Rdc1 d4 34.Bd2 e3 35.fxe3 dxe3 36.Be1 Rff6
37.Rc4 Re6 38.Rf4 Bh6 39.Rf3 e2 40.Kg2 Bxc1 41.Bf2 Bd2  0-1

[Event "Motiva Online Women Blitz"]
[Site "chess.com INT"]
[Date "2021.12.18"]
[Round "9"]
[White "Shokirjonova,Barchinoy"]
[Black "Krush,I"]
[Result "0-1"]
[WhiteElo "1662"]
[BlackElo "2421"]

1.d4 d5 2.c4 dxc4 3.Nf3 Nf6 4.e3 e6 5.Bxc4 c5 6.O-O a6 7.Qe2 b5 8.Bb3 Bb7
9.Rd1 Nbd7 10.dxc5 Bxc5 11.Nc3 O-O 12.Bc2 Qe7 13.a3 Rac8 14.e4 Ng4 15.Nd4 Qh4
16.Bf4 Qxf2+ 17.Qxf2 Nxf2 18.Kxf2 e5 19.Bxe5 Nxe5 20.Ke2 Nc4 21.Rab1 Rfe8
22.Nf5 g6 23.Ng3 Ne3 24.Rd2 Nxg2 25.Kf1 Ne3+ 26.Ke1 Rcd8 27.Bb3 Nc4 28.Rxd8 Rxd8
29.Bxc4 bxc4 30.Rd1 Rxd1+ 31.Kxd1 h5 32.Ke2 Kg7 33.Nd5 Bxd5 34.exd5 f5 35.Kd2 Bd4
36.Ne2 Bxb2 37.Kc2 Be5 38.Nc3 Bxh2 39.d6 Bxd6  0-1

[Event "Motiva Online Women Blitz"]
[Site "chess.com INT"]
[Date "2021.12.18"]
[Round "10"]
[White "Krush,I"]
[Black "Zaksaite,S"]
[Result "1-0"]
[WhiteElo "2421"]
[BlackElo "2261"]

1.d4 Nf6 2.c4 g6 3.Nc3 d5 4.cxd5 Nxd5 5.e4 Nxc3 6.bxc3 Bg7 7.Bc4 c5 8.Ne2 O-O
9.Be3 Nc6 10.O-O Bg4 11.f3 Bd7 12.Rc1 Rc8 13.Qd2 Qa5 14.d5 Ne5 15.Bb3 c4
16.Bc2 Nd3 17.Bxd3 cxd3 18.Qxd3 Qxa2 19.Ra1 Qc4 20.Qxc4 Rxc4 21.Rxa7 Bc8
22.Rb1 f5 23.Rb4 Rc7 24.Bb6 Rd7 25.Bd4 fxe4 26.fxe4 Rc7 27.h3 Bxd4+ 28.Rxd4 Rd8
29.Ra8 Kg7 30.Kf2 Rf8+ 31.Ke3 Bd7 32.Rxf8 Kxf8 33.Rb4 Kg7 34.Kd4 Kf6 35.Nf4 Bc8
36.Nd3 g5 37.Nc5 h5 38.Rb1 g4 39.h4 Kg6 40.Rb6+ Kg7 41.e5  1-0

[Event "Motiva Online Women Blitz"]
[Site "chess.com INT"]
[Date "2021.12.18"]
[Round "11"]
[White "Kabanova,E"]
[Black "Krush,I"]
[Result "1-0"]
[WhiteElo "2138"]
[BlackElo "2421"]

1.c4 c5 2.e3 Nf6 3.Be2 Nc6 4.a3 g6 5.b3 Bg7 6.Bb2 O-O 7.h4 d5 8.cxd5 Nxd5
9.Bxg7 Kxg7 10.h5 e5 11.Qc2 Qd6 12.Nf3 Bf5 13.d3 Nf6 14.h6+ Kg8 15.Nbd2 Rfd8
16.Ne4 Nxe4 17.dxe4 Be6 18.Ng5 Bd7 19.Bc4 Be8 20.Ke2 Na5 21.Bd5 Qf6 22.Nf3 Rac8
23.Rad1 Bb5+ 24.Ke1 c4 25.b4 Nb3 26.Qc3 b6 27.Ke2 Bc6 28.Nxe5 Bxd5 29.exd5 b5
30.f4 a5 31.g4 Ra8 32.g5 Qh8 33.Kf3 axb4 34.Qxb4 Re8 35.Qd6 Rad8 36.Qc7 Rc8
37.Qxf7+  1-0

[Event "American Cup Champ w"]
[Site "Saint Louis USA"]
[Date "2022.04.20"]
[Round "1.1"]
[White "Krush,I"]
[Black "Yan,Ruiyang"]
[Result "1-0"]
[WhiteElo "2421"]
[BlackElo "2283"]

1.d4 Nf6 2.c4 e6 3.Nc3 Bb4 4.Nf3 d5 5.cxd5 exd5 6.Bg5 O-O 7.e3 Bf5 8.Qb3 Bxc3+
9.bxc3 Nbd7 10.Be2 c5 11.dxc5 Nxc5 12.Qb4 Nce4 13.Bh4 h6 14.Nd4 Bh7 15.Qxb7 Re8
16.O-O Qd6 17.Qa6 Qe5 18.Rac1 Nd7 19.c4 Nd2 20.Rfd1 Nxc4 21.Bxc4 dxc4 22.Qxc4 Nb6
23.Qb3 Be4 24.Bg3 Qf6 25.Nb5 Red8 26.Nd6 Bg6 27.e4 Qe7 28.f3 Nc8 29.Nc4 Rxd1+
30.Rxd1 Nb6 31.Ne5 Bh5 32.h3 Re8 33.Kh2 Rc8 34.a4 Qc5 35.Rd2 Qc1 36.Rd6 Qc5
37.Qd1 f6 38.Qb3+ Kh7 39.Nd7 Nxd7 40.Rxd7 Be8 41.Rb7 Qd4 42.Qa3 Bc6 43.Rb4 Qd7
44.Qa1 Bb7 45.Rd4 Qf7 46.Qd1 Qa2 47.Rd2 Qc4 48.Rd7 Qc6 49.Qd4 Rf8 50.Rc7 Qa6
51.Qd7  1-0

[Event "American Cup Champ w"]
[Site "Saint Louis USA"]
[Date "2022.04.21"]
[Round "1.2"]
[White "Yan,Ruiyang"]
[Black "Krush,I"]
[Result "1/2-1/2"]
[WhiteElo "2283"]
[BlackElo "2421"]

1.e4 c5 2.Nf3 e6 3.d4 cxd4 4.Nxd4 Nf6 5.Nc3 Nc6 6.Nxc6 bxc6 7.e5 Nd5 8.Ne4 Qc7
9.f4 Qb6 10.c4 Bb4+ 11.Ke2 f5 12.exf6 Nxf6 13.Be3 Qd8 14.Nxf6+ Qxf6 15.Qd4 Be7
16.Rd1 a5 17.Kf2 O-O 18.Qxf6 Bxf6 19.b3 d5 20.cxd5 cxd5 21.Bb5 Bb7 22.Rhf1 Bc3
23.Kg1 Ba6 24.Bxa6 Rxa6 25.Bd4 Rc6 26.Bxc3 Rxc3 27.Rd4 Rc2 28.Ra4 Rfc8 29.g3 Rb2
30.Rf2 Rb1+ 31.Kg2 Rc5 32.Kf3 Kf7 33.Re2 Ke7 34.Rd4 Kd6 35.Rd3 Rbc1 36.Ke3 Rf1
37.Kd4 Rcc1 38.Rde3 Rfd1+ 39.Rd3 Rf1 40.Rde3 Rfd1+ 41.Rd3 Rf1 42.Rde3  1/2-1/2

[Event "American Cup Champ w"]
[Site "Saint Louis USA"]
[Date "2022.04.22"]
[Round "2.1"]
[White "Krush,I"]
[Black "Tokhirjonova,Gulrukhbegim"]
[Result "1/2-1/2"]
[WhiteElo "2421"]
[BlackElo "2335"]

1.d4 Nf6 2.c4 e6 3.Nc3 Bb4 4.Nf3 c5 5.e3 O-O 6.Bd3 d5 7.cxd5 exd5 8.dxc5 Nbd7
9.O-O Nxc5 10.Ne2 Nce4 11.h3 a6 12.b3 Re8 13.Bb2 Bd6 14.Rc1 Qe7 15.Nf4 Bd7
16.Bb1 Bb5 17.Nd3 Rad8 18.Re1 h6 19.Be5 Ba3 20.Rc7 Rd7 21.Rxd7 Qxd7 22.Ba1 Rc8
23.Nfe5 Qd8 24.Ng4 Nc3 25.Nxf6+ Qxf6 26.Qg4 Rc6 27.Nf4 d4 28.exd4 Nxb1 29.d5 Qxa1
30.dxc6 Bxc6 31.Qf5 Qxa2 32.Rxb1 Qd2 33.Qg4 Bc5 34.Qc8+ Bf8 35.Qg4 Bc5 36.Qc8+ Bf8
37.Qg4 Qc2 38.Rd1 Qxb3 39.Rd8 Qb1+ 40.Kh2 Qe4 41.Qg3 Qe7 42.Ra8 Kh7 43.Nd3 g6
44.Ne5 Bd5 45.f4 Qa3 46.Qg4 Be6 47.Qd1 Qd6 48.Qa4 Qb4 49.Qe8 Kg7 50.Nd3 Qe7
51.Qb8 Qd6 52.Qe8 Bd7 53.Qd8 Bf5 54.Ne5 Qxd8 55.Rxd8 Be7 56.Rb8 Be4 57.Nc4 Bd5
58.Na5 b5 59.Rb6 b4 60.Rxa6 b3 61.Rb6 Bd8 62.Rxb3 Bxb3 63.Nxb3 Bc7 64.g3 g5
65.fxg5 hxg5 66.Kg2 f5 67.Kf3 g4+ 68.hxg4 fxg4+ 69.Kxg4 Bxg3 70.Kxg3  1/2-1/2